000 00358nam a2200145Ia 4500
008 150201s2008 xx 000 0 und d
082 _a615
_bD2008J
100 _aSHARMA, HL
245 _aTEXT BOOK OF DENTAL PHARMACOLOGY
250 _a1ST
260 _bPARAS PUBLISHING
_aHYDERABAD
_c2008
300 _a1-595
650 _aPHARMACOLOGY
942 _2ddc
_cBK
_08
999 _c4509
_d4509